• 首页
  • 本馆介绍
  • 公告通知
  • 最新文献
  • 馆藏检索
  • 电子资源
  • 读者导购
  • 参考咨询
  • 我的图书馆
  • 登录
  • 详细信息显示
  • 放入我的书架
  • 预约/预借图书
  • 作者相关作品
  • 分类相关作品
  • 丛书相关作品
  • 出版社相关作品

书目信息

  • 表格格式
  • 工作单格式
  • 卡片格式
题名:
日本文化中的恶与罪
    
 
作者: 中村雄二郎 著 ;孙彬 译
分册:  
出版信息: 北京   北京大学出版社  2005
页数: 110页
开本: 23cm
丛书名:
单 册:
中图分类: G131.3
科图分类:
主题词: 文化--研究--日本 , 文化
电子资源:
ISBN: 7-301-08316-5
000 01014nam0 2200253 450
001 012007682305
005 20070522170120.37
010    @a7-301-08316-5@dCNY20.00
100    @a20070514d2005 km y0chiy0120 ea
101 1  @achi@cjpn
102    @aCN@b110000
105    @ay z 000yy
106    @ar
200 1  @a日本文化中的恶与罪@Ari ben wen hua zhong de e yu zui@f(日)中村雄二郎著@F(ri)zhong cun xiong er lang zhu@g孙彬译@Gsun bin yi
210    @a北京@c北京大学出版社@d2005
215    @a110页@d23cm
330    @a本书从阐述日本文化自身特点与揭示现代日本社会的症结入手,深入分析了日本奥姆真理教从形成到发展直到最终酿成耸人听闻的“东京地铁沙林事件”整个过程的根本原因。作者从对日本耻感文化中的“罪”“恶”的分析,揭示了融合“佛教”、“儒教”、“道教”的日本文化的特点。
606 0  @a文化@x研究@y日本
606 0  @a文化
690    @aG131.3@v4
701  0 @c(日)@a中村雄二郎@Azhong cun xiong er lang@f(1925~)@4著
702  0 @a孙彬@Asun bin@c(女)@4译
801  0 @aCN@bRULIN@c20070522
905    @dG131.3@e89@s8
    
    日本文化中的恶与罪/(日)中村雄二郎著/孙彬译.-北京:北京大学出版社,2005
    110页;23cm
    
    
    ISBN 7-301-08316-5:CNY20.00
    本书从阐述日本文化自身特点与揭示现代日本社会的症结入手,深入分析了日本奥姆真理教从形成到发展直到最终酿成耸人听闻的“东京地铁沙林事件”整个过程的根本原因。作者从对日本耻感文化中的“罪”“恶”的分析,揭示了融合“佛教”、“儒教”、“道教”的日本文化的特点。
●
相关链接 在E读中查询图书 在五车中查询图书 在当当中查询图书 在豆瓣中查询图书


正题名:日本文化中的恶与罪     索取号:G131.3/89         预约/预借

序号 登录号 条形码 馆藏地/架位号 状态 备注
1 0575429   205754290   第一样本阅览室/ [索取号:G131.3/89] 在馆    
2 0575430   205754307   第四借阅区/ [索取号:G131.3/89] 在馆    
3 0575431   205754316   第四借阅区/ [索取号:G131.3/89] 在馆    
4 0575432   205754325   第四借阅区/ [索取号:G131.3/89] 在馆    
5 0575433   205754334   第四借阅区/ [索取号:G131.3/89] 在馆    
6 0575434   205754343   第四借阅区/ [索取号:G131.3/89] 在馆    
7 0575435   205754352   第四借阅区/ [索取号:G131.3/89] 在馆    
8 0575436   205754361   第四借阅区/ [索取号:G131.3/89] 在馆    
唐山师范学院图书馆 欢迎您!
大连网信软件有限公司© 版权所有